00357nam a2200133Ia 4500008004100000020001500041041001200056082001100068100002100079245005900100260004100159300000800200650001500208221030s9999 xx 000 0 und d a8180545290 aEnglish a105.23 aS. N. Maheshwari 0aFinancial & Management Accountingcby S. N. Maheshwari bSultan chand & SonsaNew Delhic2009 a705 aManagement